Islamiyat (Record no. 33888)
[ view plain ]
| 000 -LEADER | |
|---|---|
| fixed length control field | 00402nam a22001697a 4500 |
| 005 - DATE AND TIME OF LATEST TRANSACTION | |
| control field | 20231024104444.0 |
| 008 - FIXED-LENGTH DATA ELEMENTS--GENERAL INFORMATION | |
| fixed length control field | 231013b |||||||| |||| 00| 0 eng d |
| 082 ## - DEWEY DECIMAL CLASSIFICATION NUMBER | |
| Classification number | 297 |
| Item number | SHA |
| 100 ## - MAIN ENTRY--AUTHOR | |
| Author Name | Ghulam Shabbir |
| 245 ## - TITLE STATEMENT | |
| Title | Islamiyat |
| 260 ## - PUBLICATION, DISTRIBUTION, ETC. | |
| Place of Publication | Pakistan |
| Name of publisher, distributor, etc. | Singola Publishers |
| Date of publication, distribution, etc. | 2008 |
| 300 ## - PHYSICAL DESCRIPTION | |
| Pages | 375 |
| 500 ## - GENERAL NOTE | |
| General note | Glossary is given. |
| 650 ## - SUBJECT ADDED ENTRY--TOPICAL TERM | |
| Subject / Department | Literature |
| 700 ## - ADDED ENTRY--PERSONAL NAME | |
| Personal name | Ghulam Shabbir |
| 952 ## - LOCATION AND ITEM INFORMATION (KOHA) | |
| -- | 0 |
| -- | 0 |
| Lost status | Damaged status | Collection code | Permanent Location | Current Location | Shelving Location | Date acquired | Full Call Number | Accession No./Barcode | Date last seen | item type | Koha item type |
|---|---|---|---|---|---|---|---|---|---|---|---|
| Literature/Urdu/eng/Islamic | Superior Information Resource Center (SIRC) Superior University- Main Campus | Superior Information Resource Center (SIRC) Superior University- Main Campus | Literature | 10/13/2023 | 297 GHU-I 2008 | 20700 | 10/13/2023 | BOOK | BOOK |
